[Event "Gausdal Int"]
[Site "Gausdal"]
[Date "1992.??.??"]
[Round "5"]
[White "Hjelmaas, Lars"]
[Black "Svidler, Peter"]
[Result "0-1"]
[WhiteElo "2300"]
[BlackElo "2455"]
[PlyCount "48"]
[EventDate "1992.08.??"]
[EventType "swiss"]
[EventRounds "9"]
[EventCountry "NOR"]
[SourceTitle "TD"]
[Source "ChessBase"]
[SourceDate "1994.03.01"]
[SourceVersion "1"]
[SourceVersionDate "1994.03.01"]
[SourceQuality "1"]

1. d4 Nf6 2. c4 g6 3. Nc3 d5 4. Nf3 Bg7 5. Bf4 O-O 6. e3 c5 7. dxc5 Qa5 8. Rc1
dxc4 9. Bxc4 Qxc5 10. Bb3 Qa5 11. O-O Nc6 12. h3 Bf5 13. Qe2 Ne4 14. Nd5 e5 15.
Bg5 Nc5 16. Bc4 e4 17. Nd4 Nxd4 18. exd4 Nd3 19. Rc3 Bxd4 20. g4 Be6 21. Bf6
Bxd5 22. Bxd4 Bxc4 23. Rxc4 Qd5 24. b3 b5 0-1

[Event "Gausdal Int"]
[Site "Gausdal"]
[Date "1992.??.??"]
[Round "7"]
[White "Svidler, Peter"]
[Black "Gipslis, Aivars P"]
[Result "1/2-1/2"]
[WhiteElo "2455"]
[BlackElo "2465"]
[PlyCount "71"]
[EventDate "1992.08.??"]
[EventType "swiss"]
[EventRounds "9"]
[EventCountry "NOR"]
[SourceTitle "TD"]
[Source "ChessBase"]
[SourceDate "1994.03.01"]
[SourceVersion "1"]
[SourceVersionDate "1994.03.01"]
[SourceQuality "1"]

1. e4 d6 2. d4 Nf6 3. Nc3 g6 4. g3 Bg7 5. Bg2 O-O 6. Nge2 e5 7. h3 Nc6 8. Be3
Bd7 9. O-O exd4 10. Nxd4 Re8 11. Re1 Nxd4 12. Bxd4 Bc6 13. a4 a5 14. Qd2 Re6
15. Re2 Qe7 16. Rae1 Re8 17. b3 Qd8 18. f4 Nd7 19. Bxg7 Kxg7 20. Nb5 Bxb5 21.
axb5 b6 22. g4 h6 23. Qc3+ Kg8 24. e5 Nc5 25. Bc6 Rf8 26. Bd5 Re7 27. e6 fxe6
28. Bxe6+ Nxe6 29. Rxe6 Rg7 30. Kg2 Qd7 31. Kg3 Qxb5 32. Re7 Rff7 33. Qxc7 Rxe7
34. Rxe7 Rxe7 35. Qxe7 Qc5 36. Qe6+ 1/2-1/2

[Event "Gausdal Int"]
[Site "Gausdal"]
[Date "1992.??.??"]
[Round "8"]
[White "Fries Nielsen, Jens Ove"]
[Black "Svidler, Peter"]
[Result "0-1"]
[WhiteElo "2385"]
[BlackElo "2455"]
[PlyCount "64"]
[EventDate "1992.08.??"]
[EventType "swiss"]
[EventRounds "9"]
[EventCountry "NOR"]
[SourceTitle "TD"]
[Source "ChessBase"]
[SourceDate "1994.03.01"]
[SourceVersion "1"]
[SourceVersionDate "1994.03.01"]
[SourceQuality "1"]

1. d4 Nf6 2. c4 e5 3. dxe5 Ng4 4. Nf3 Bc5 5. e3 Nc6 6. Nc3 O-O 7. Be2 Ncxe5 8.
Nxe5 Nxe5 9. O-O Re8 10. Kh1 a5 11. a3 Ra6 12. f4 Rd6 13. Qc2 Nc6 14. Ne4 Rh6
15. Bf3 Ba7 16. c5 d5 17. cxd6 cxd6 18. Ng5 d5 19. Qd3 Ne7 20. e4 dxe4 21. Qxd8
Rxd8 22. Bxe4 Nf5 23. Bxf5 Bxf5 24. h3 Rc6 25. Nf3 Rc2 26. Bd2 Rcxd2 27. Nxd2
Rxd2 28. Rad1 Rxd1 29. Rxd1 Bb6 30. Rd5 Be4 31. Rb5 Bc7 32. Rc5 Bc6 0-1

[Event "Moscow Alekhine op"]
[Site "Moscow"]
[Date "1992.??.??"]
[Round "?"]
[White "Sakaev, Konstantin"]
[Black "Svidler, Peter"]
[Result "1/2-1/2"]
[WhiteElo "2540"]
[BlackElo "2455"]
[PlyCount "92"]
[EventDate "1992.10.??"]
[EventType "swiss"]
[EventRounds "9"]
[EventCountry "RUS"]
[SourceTitle "CBM 033"]
[Source "ChessBase"]
[SourceDate "1993.04.01"]
[SourceVersion "1"]
[SourceVersionDate "1993.04.01"]
[SourceQuality "1"]

1. d4 Nf6 2. Nf3 g6 3. c4 Bg7 4. Nc3 d5 5. cxd5 Nxd5 6. e4 Nxc3 7. bxc3 c5 8.
Rb1 O-O 9. Be2 Nc6 10. d5 Ne5 11. Nxe5 Bxe5 12. Qd2 e6 13. f4 Bc7 14. O-O exd5
15. exd5 Ba5 16. Ba3 Bf5 17. Rxb7 Qf6 18. Bxc5 Bxc3 19. Qe3 Rfe8 20. Re7 Rxe7
21. Bxe7 Bd4 22. Bxf6 Bxe3+ 23. Kh1 Rc8 24. h3 h5 25. Bb5 Rc5 26. Re1 Rxb5 27.
Rxe3 Kf8 28. Re5 Ra5 29. a3 Ra4 30. d6 Rd4 31. Rb5 Rd1+ 32. Kh2 Ke8 33. Be5 Rb1
34. Ra5 Rb7 35. Bc3 Kd7 36. Bb4 Be6 37. Kg3 Bc4 38. Re5 Be6 39. Ra5 Bc4 40. Rc5
Be6 41. Rc3 a5 42. Bxa5 Kxd6 43. Bb4+ Kd5 44. Rc5+ Kd4 45. Kh4 Rd7 46. Re5 Rc7
1/2-1/2

[Event "Moscow Alekhine op"]
[Site "Moscow"]
[Date "1992.??.??"]
[Round "?"]
[White "Sturua, Zurab"]
[Black "Svidler, Peter"]
[Result "1-0"]
[WhiteElo "2545"]
[BlackElo "2455"]
[Annotator "Ftacnik,L"]
[PlyCount "63"]
[EventDate "1992.10.??"]
[EventType "swiss"]
[EventRounds "9"]
[EventCountry "RUS"]
[SourceTitle "CBM 033"]
[Source "ChessBase"]
[SourceDate "1993.04.01"]
[SourceVersion "1"]
[SourceVersionDate "1993.04.01"]
[SourceQuality "1"]

1. c4 Nf6 2. d4 g6 3. Nc3 d5 4. Bf4 Bg7 5. e3 O-O 6. Rc1 c6 7. Nf3 Bg4 8. h3
Bxf3 9. Qxf3 Qa5 10. Bd3 Nbd7 11. O-O dxc4 12. Bxc4 e5 13. Bh2 Rad8 (13... exd4
14. exd4 Qb4 15. Bb3 (15. Ne2 Nb6 16. Bb3 Rfe8 17. Rc5 Nfd5 18. a3 Qd2 19. Rc2
Qg5 20. Nc3 Bxd4 21. Ne4 Qh4 22. Nd6 Re7 23. Re2 Rxe2 24. Qxe2 $44 {
Zaitshik-Arencibia/Camaguey II/1987/}) 15... Qxd4 (15... Nb6 16. Rfd1 a5 17.
Rb1 a4 18. Bc2 Rfe8 19. a3 Qe7 20. g4 h6 21. Bg3 Nh7 22. h4 Qf6 23. Kg2 Qxf3+
24. Kxf3 $10 {Portisch,L-Epishin,V/Reggio Top 15/1991/}) 16. Rfd1 Qb6 17. Rd6
Rae8 18. Rcd1 Re7 19. g4 Qa5 20. Qf4 h6 21. h4 g5 22. hxg5 Qxg5 23. Qxg5 hxg5
24. f3 $44 {Ligterink-Rayner/Stockholm tt (2)/1987/}) 14. Bb3 Rfe8 15. Rfd1
exd4 16. exd4 Nb6 17. Be5 Nfd5 (17... Nbd7 18. Ne4 Nxe5 19. Nxf6+ Bxf6 20. Qxf6
$18) 18. Bg3 Qb4 (18... Nf6 19. Bh4 $14) 19. Bh4 Rd7 20. Ne4 f5 $6 (20... Bxd4
$2 21. a3 $1 Bxf2+ 22. Qxf2 Qxe4 23. Re1 Ne3 24. Rc3 $18) 21. Nc5 Rf7 22. Bg5
f4 (22... Bxd4 23. a3 $18) 23. a3 Qa5 24. Ne4 Ref8 (24... Rf5 25. Nd6 Rxg5 26.
Nxe8 $18) 25. Nd6 Rd7 26. Nxb7 $1 Rxb7 27. Rc5 Qa6 28. Rxc6 Rd7 29. Bxd5+ Kh8 (
29... Rxd5 30. Rxb6 Qxb6 31. Qxd5+ Kh8 32. Be7 $18) 30. Be6 Rxd4 31. Rxd4 Bxd4
32. Be7 (32. Be7 Re8 33. Qxf4 $18) 1-0

[Event "Moscow Alekhine op"]
[Site "Moscow"]
[Date "1992.??.??"]
[Round "?"]
[White "Svidler, Peter"]
[Black "Rashkovsky, Nukhim N"]
[Result "1-0"]
[WhiteElo "2455"]
[BlackElo "2530"]
[PlyCount "101"]
[EventDate "1992.10.??"]
[EventType "swiss"]
[EventRounds "9"]
[EventCountry "RUS"]
[SourceTitle "CBM 033"]
[Source "ChessBase"]
[SourceDate "1993.04.01"]
[SourceVersion "1"]
[SourceVersionDate "1993.04.01"]
[SourceQuality "1"]

1. e4 c5 2. Nf3 d6 3. d4 cxd4 4. Nxd4 Nf6 5. Nc3 a6 6. f4 Nbd7 7. a4 e5 8. Nf3
Be7 9. Bd3 O-O 10. O-O b6 11. Kh1 Bb7 12. Qe1 Rc8 13. fxe5 Nxe5 14. Nxe5 dxe5
15. Qg3 Qd6 16. Be3 Rxc3 17. bxc3 Nxe4 18. Qh3 h6 19. Rab1 Bd8 20. Qf5 Nf6 21.
Qh3 Qc6 22. Qg3 Bc7 23. Bf5 Ba8 24. c4 Rd8 25. Qf2 Qxc4 26. Bxb6 Bxb6 27. Qxb6
Re8 28. Qd6 Qe2 29. Bh3 e4 30. Qg3 Kh8 31. Qc3 Nd5 32. Qc5 Nf6 33. Rf2 Qh5 34.
Qxh5 Nxh5 35. Rxf7 e3 36. Re1 Bd5 37. Rf5 Nf6 38. Kg1 Re4 39. Rf3 e2 40. Rf2
Bc4 41. Bf5 Re3 42. Rf4 Rc3 43. Rd4 g5 44. Bd3 Bxd3 45. cxd3 Kg7 46. Kf2 h5 47.
Rxe2 Ng4+ 48. Kg3 Kf6 49. h3 Ne5 50. Rd6+ Kf5 51. Rf2+ 1-0

[Event "St Petersburg qual U18"]
[Site "St Petersburg"]
[Date "1993.??.??"]
[Round "?"]
[White "Svidler, Peter"]
[Black "Sotnikov, Igor"]
[Result "1-0"]
[WhiteElo "2490"]
[BlackElo "2280"]
[PlyCount "61"]
[EventDate "1993.??.??"]
[EventType "swiss"]
[EventRounds "9"]
[EventCountry "RUS"]
[SourceTitle "EXT 1997"]
[Source "ChessBase"]
[SourceDate "1996.11.15"]
[SourceVersion "1"]
[SourceVersionDate "1996.11.15"]
[SourceQuality "1"]

1. e4 c5 2. Nf3 d6 3. d4 cxd4 4. Nxd4 Nf6 5. Nc3 a6 6. f4 Qc7 7. a4 g6 8. Be2
Bg7 9. Be3 O-O 10. Nb3 b6 11. Bf3 Bb7 12. O-O Nbd7 13. Qe1 e5 14. Rd1 Rfe8 15.
f5 Rad8 16. Qh4 Rc8 17. g4 gxf5 18. exf5 e4 19. Be2 Ne5 20. g5 Nfd7 21. f6 Bf8
22. Nd4 Nf3+ 23. Rxf3 exf3 24. Bd3 h6 25. Nf5 Rxe3 26. Nxh6+ Bxh6 27. Qxh6 f2+
28. Kf1 Re1+ 29. Rxe1 fxe1=Q+ 30. Kxe1 Re8+ 31. Kd2 1-0

[Event "St Petersburg qual U18"]
[Site "St Petersburg"]
[Date "1993.??.??"]
[Round "?"]
[White "Zhuravlev, Vladimir"]
[Black "Svidler, Peter"]
[Result "0-1"]
[WhiteElo "2350"]
[BlackElo "2490"]
[PlyCount "94"]
[EventDate "1993.??.??"]
[EventType "swiss"]
[EventRounds "9"]
[EventCountry "RUS"]
[SourceTitle "EXT 1997"]
[Source "ChessBase"]
[SourceDate "1996.11.15"]
[SourceVersion "1"]
[SourceVersionDate "1996.11.15"]
[SourceQuality "1"]

1. d4 Nf6 2. Nf3 c5 3. c3 g6 4. Bg5 Bg7 5. Nbd2 cxd4 6. cxd4 d5 7. e3 O-O 8.
Be2 Nc6 9. O-O Ne8 10. Qb3 f6 11. Bh4 e6 12. h3 Nd6 13. Bg3 Qe7 14. a4 Bd7 15.
a5 Rfd8 16. Rfc1 Be8 17. Rc5 a6 18. Qb6 Bf7 19. Rac1 Rd7 20. Bf1 Kh8 21. Bxd6
Rxd6 22. Qb3 e5 23. Qc3 Qd8 24. Nb3 e4 25. Nfd2 Bf8 26. Ra1 Re6 27. Be2 Rc8 28.
Bg4 f5 29. Be2 Kg8 30. Qc2 Bxc5 31. Nxc5 Re7 32. Qc3 Qd6 33. b4 Na7 34. Qb3 Be8
35. Nb1 Bb5 36. Nc3 Bxe2 37. Nxe2 Nb5 38. Nf4 Rd8 39. Qd1 g5 40. Nh5 Qg6 41.
Rc1 Nd6 42. Qe2 Rf8 43. g4 Ref7 44. Rc2 f4 45. Rc3 fxe3 46. fxe3 Nc4 47. Rxc4
Rf1+ 0-1

[Event "Rostov on Don op"]
[Site "Rostov on Don"]
[Date "1993.??.??"]
[Round "?"]
[White "Ionov, Sergey"]
[Black "Svidler, Peter"]
[Result "1-0"]
[WhiteElo "2500"]
[BlackElo "2490"]
[PlyCount "73"]
[EventDate "1993.05.??"]
[EventType "swiss"]
[EventRounds "9"]
[EventCountry "RUS"]
[SourceTitle "TD"]
[Source "ChessBase"]
[SourceDate "1994.03.01"]
[SourceVersion "1"]
[SourceVersionDate "1994.03.01"]
[SourceQuality "1"]

1. Nf3 d5 2. d4 Bf5 3. c4 e6 4. Nc3 c6 5. Qb3 Qb6 6. c5 Qc7 7. Bf4 Qc8 8. Nh4
Nf6 9. Nxf5 exf5 10. e3 Be7 11. Be2 Nbd7 12. Qc2 Nf8 13. h3 Ng6 14. Bh2 O-O 15.
O-O Re8 16. Bd3 Ne4 17. f3 Bg5 18. Nd1 Nf6 19. Bxf5 Qd8 20. f4 Bh6 21. g4 Ne4
22. g5 Bxg5 23. fxg5 Qxg5+ 24. Qg2 Qh6 25. Bf4 Nxf4 26. Rxf4 Nf6 27. Qf2 Re7
28. Nc3 Rae8 29. Re1 g6 30. Bg4 Nxg4 31. hxg4 f5 32. gxf5 gxf5 33. Qh2 Qg5+ 34.
Qg2 Qxg2+ 35. Kxg2 Rxe3 36. Rxe3 Rxe3 37. Rf3 1-0

[Event "Rostov on Don op"]
[Site "Rostov on Don"]
[Date "1993.??.??"]
[Round "?"]
[White "Savchenko, Stanislav"]
[Black "Svidler, Peter"]
[Result "1/2-1/2"]
[WhiteElo "2535"]
[BlackElo "2490"]
[PlyCount "122"]
[EventDate "1993.05.??"]
[EventType "swiss"]
[EventRounds "9"]
[EventCountry "RUS"]
[SourceTitle "TD"]
[Source "ChessBase"]
[SourceDate "1994.03.01"]
[SourceVersion "1"]
[SourceVersionDate "1994.03.01"]
[SourceQuality "1"]

1. c4 e5 2. g3 Nc6 3. Bg2 g6 4. Nc3 Bg7 5. d3 d6 6. Rb1 f5 7. e3 Nf6 8. Nge2
O-O 9. O-O Be6 10. b4 d5 11. b5 Ne7 12. Ba3 Re8 13. Qb3 dxc4 14. dxc4 e4 15.
Nf4 Bf7 16. Rfd1 Qc8 17. Bb2 Nd7 18. Ncd5 Ne5 19. Qb4 c5 20. Qb3 g5 21. Nxe7+
Rxe7 22. Nd5 Rd7 23. Bxe5 Bxe5 24. g4 Be6 25. gxf5 Bxf5 26. Qc2 Qf8 27. Bxe4
Be6 28. f4 gxf4 29. exf4 Bxf4 30. Nxf4 Rxd1+ 31. Rxd1 Qxf4 32. Bxb7 Rf8 33. Qe4
Bxc4 34. Qxc4+ Qxc4 35. Bd5+ Qxd5 36. Rxd5 Rc8 37. Kf2 c4 38. Ke2 c3 39. Kd1
c2+ 40. Kc1 Rc7 41. a4 Kf8 42. Rh5 Kg7 43. Rf5 Kg6 44. Rf8 Kg5 45. h3 Kh4 46.
Rf3 Rc4 47. a5 Rb4 48. Rf7 h5 49. Rb7 Kxh3 50. Kxc2 h4 51. Kc3 Rb1 52. Kc4 Rc1+
53. Kd5 Rd1+ 54. Kc6 Rc1+ 55. Kd6 Rb1 56. Kc6 Rc1+ 57. Kd6 Rb1 58. a6 Kg2 59.
Rg7+ Kf3 60. Kc6 Rc1+ 61. Kb7 Rc5 1/2-1/2

[Event "Rostov on Don op"]
[Site "Rostov on Don"]
[Date "1993.??.??"]
[Round "?"]
[White "Svidler, Peter"]
[Black "Matveeva, Svetlana"]
[Result "0-1"]
[WhiteElo "2490"]
[BlackElo "2395"]
[PlyCount "58"]
[EventDate "1993.05.??"]
[EventType "swiss"]
[EventRounds "9"]
[EventCountry "RUS"]
[SourceTitle "TD"]
[Source "ChessBase"]
[SourceDate "1994.03.01"]
[SourceVersion "1"]
[SourceVersionDate "1994.03.01"]
[SourceQuality "1"]

1. e4 c5 2. Nf3 d6 3. d4 Nf6 4. Nc3 cxd4 5. Nxd4 g6 6. Be2 Bg7 7. O-O Nc6 8.
Nb3 O-O 9. Re1 a5 10. a4 Be6 11. Ra3 Rc8 12. Bf1 Nb4 13. Nd4 Bc4 14. Ndb5 Bxf1
15. Kxf1 Nd7 16. Re2 Nb6 17. Be3 Nc4 18. Rb3 Qd7 19. Bd4 Bxd4 20. Qxd4 e5 21.
Qd1 Rc5 22. Nb1 d5 23. c3 Na6 24. Re1 Rd8 25. exd5 Rxd5 26. Qe2 Rd1 27. Nd4
Rxe1+ 28. Kxe1 Qxa4 29. Na3 Nd6 0-1

[Event "St Petersburg op"]
[Site "St Petersburg"]
[Date "1993.??.??"]
[Round "?"]
[White "Moskalenko, Viktor"]
[Black "Svidler, Peter"]
[Result "1/2-1/2"]
[WhiteElo "2555"]
[BlackElo "2495"]
[PlyCount "66"]
[EventDate "1993.10.??"]
[EventType "swiss"]
[EventRounds "9"]
[EventCountry "RUS"]
[SourceTitle "TD"]
[Source "ChessBase"]
[SourceDate "1994.03.01"]
[SourceVersion "1"]
[SourceVersionDate "1994.03.01"]
[SourceQuality "1"]

1. d4 Nf6 2. c4 g6 3. Nc3 d5 4. Bg5 Bg7 5. e3 c5 6. dxc5 Qa5 7. Bxf6 Bxf6 8.
Rc1 Na6 9. cxd5 Nxc5 10. Bb5+ Kf8 11. Nge2 Qb4 12. O-O a6 13. d6 Be6 14. Nd5
Bxd5 15. Qxd5 Qxb5 16. Nd4 e6 17. Nxb5 exd5 18. Nc7 Rd8 19. Rxc5 Rxd6 20. Rxd5
Rc6 21. Rd7 Bxb2 22. Nd5 b5 23. Nb4 Rb6 24. Ra7 Kg7 25. g3 Rc8 26. Rb1 Ba3 27.
Rxa6 Rxa6 28. Nxa6 b4 29. Kf1 Kf6 30. Ke2 Rc2+ 31. Kf3 Rc4 32. Ke2 Rc2+ 33. Kf3
Rc4 1/2-1/2

[Event "St Petersburg op"]
[Site "St Petersburg"]
[Date "1993.??.??"]
[Round "?"]
[White "Svidler, Peter"]
[Black "Purgin, Nikolaj"]
[Result "1-0"]
[WhiteElo "2495"]
[BlackElo "2300"]
[PlyCount "77"]
[EventDate "1993.10.??"]
[EventType "swiss"]
[EventRounds "9"]
[EventCountry "RUS"]
[SourceTitle "TD"]
[Source "ChessBase"]
[SourceDate "1994.03.01"]
[SourceVersion "1"]
[SourceVersionDate "1994.03.01"]
[SourceQuality "1"]

1. e4 e5 2. Nf3 Nc6 3. Nc3 Nf6 4. d4 exd4 5. Nxd4 Bb4 6. Nxc6 bxc6 7. Bd3 d5 8.
exd5 cxd5 9. O-O O-O 10. Bg5 Be6 11. Nb5 c5 12. a3 Ba5 13. b4 Bb6 14. c3 Rc8
15. bxc5 Bxc5 16. Nd4 Be7 17. Re1 Rxc3 18. Rxe6 fxe6 19. Nxe6 Qb6 20. Nxf8 Bxf8
21. Bc2 Bc5 22. Kh1 Qd6 23. Bxf6 Qxf6 24. Qxd5+ Kh8 25. Rb1 g6 26. Bb3 Kg7 27.
Qd7+ Kh6 28. Bg8 Qxf2 29. Qxh7+ Kg5 30. Qd7 Re3 31. Qd1 Qf5 32. Bd5 Rd3 33.
Qc1+ Be3 34. Qe1 Qxd5 35. Qg3+ Kh6 36. Qh4+ Qh5 37. Qe1 Bf4 38. g3 Bxg3 39.
Qc1+ 1-0

[Event "St Petersburg op"]
[Site "St Petersburg"]
[Date "1993.??.??"]
[Round "7"]
[White "Yakovich, Yuri"]
[Black "Svidler, Peter"]
[Result "1/2-1/2"]
[WhiteElo "2525"]
[BlackElo "2495"]
[Annotator "Svidler,P"]
[PlyCount "105"]
[EventDate "1993.10.??"]
[EventType "swiss"]
[EventRounds "9"]
[EventCountry "RUS"]
[SourceTitle "CBM 037"]
[Source "ChessBase"]
[SourceDate "1993.12.01"]
[SourceVersion "1"]
[SourceVersionDate "1993.12.01"]
[SourceQuality "1"]

1. d4 Nf6 2. c4 g6 3. Nc3 d5 4. Qb3 dxc4 5. Qxc4 Bg7 6. e4 O-O 7. Bf4 Nc6 $1 {N
} 8. Rd1 (8. d5 e5 $1 9. Bg5 Nd4 $10) 8... Nd7 9. Nf3 $6 (9. d5 Nce5 10. Qb3 c6
11. Be2 $10) 9... Nb6 10. Qc5 Bg4 11. d5 Bxf3 12. gxf3 Ne5 (12... Nd4 13. Qxc7
$1 (13. Rxd4 e5 $1 14. Bxe5 Bxe5 15. Rd2 Qf6 $40) 13... Nxf3+ 14. Ke2 $13) 13.
Be2 Qd6 $1 $15 14. Qe3 (14. Qxd6 cxd6 $17 {/\ Nec4}) (14. Be3 f5 $1 15. f4 Ned7
16. Qxd6 cxd6 17. exf5 Rxf5 $15) 14... f5 (14... Qb4 $5 15. Bxe5 Bxe5 16. f4
Bg7 17. Rd2 $13) 15. Kf1 $1 $8 (15. Nb5 Qb4+ $1 (15... Nxf3+ $5 16. Kf1 $1 (16.
Bxf3 Qb4+ 17. Nc3 Nc4 $19) (16. Qxf3 fxe4 $1 17. Bxd6 exf3 18. Bxe7 fxe2 $17)
16... Qf6 17. Nxc7 $13) 16. Qd2 (16. Kf1 Nbc4 17. Qb3 Qxb3 18. axb3 fxe4 $17)
16... Nxf3+ $17) (15. O-O $6 fxe4 16. fxe4 Nf3+ 17. Bxf3 Rxf4 $17) 15... Nec4 (
15... fxe4 16. Qxe4 $1 $13 {/\ Bg3,Kg2} (16. Nxe4 Qd7 $40 {/\ Qh3; /\ 17...
Nxd5 18.Qb3 e6-/+})) (15... Nbc4 16. Bxc4 Nxc4 {- 15...Nec4}) 16. Bxc4 (16.
Bxd6 Nxe3+ 17. fxe3 cxd6 $1 18. exf5 gxf5 $17 {>< Be2}) 16... Nxc4 17. Bxd6
Nxe3+ 18. fxe3 cxd6 19. exf5 Rxf5 20. Ke2 (20. Kg2 Rc8 21. Rd3 b5 $1 $17) 20...
Raf8 (20... Rc8 21. Rc1 $1 Bxc3 22. e4 Rg5 23. Kf1 $1 {=/+/=}) 21. Rhf1 Rh5 22.
Rf2 Rff5 23. Rd3 $1 (23. e4 $6 Rf4 $17 {/\ Rfh4,Be5}) 23... a6 (23... Bxc3 $5
24. e4 $1 Bxb2 25. exf5 Rxf5 $44) (23... Rfg5 $1 $15 {(A.Chernosvitov) /\ Bxc3,
Rg1}) 24. Kf1 (24. f4 Bxc3 $1 25. e4 Rxf4 26. Rxf4 Rxh2+ 27. Rf2 Rxf2+ 28. Kxf2
Bxb2 29. Rb3 Bd4+ $17) 24... Rh3 (24... b5 25. e4 Rf4 26. Ne2 $13 {/\ Ng3}) 25.
f4 (25. e4 $6 Rfh5 26. Kg1 Be5 27. Rdd2 Bg3 $1 $19 28. Rg2 $140 Bf4 $1 29. Rdf2
Be3 $19) 25... Bxc3 26. bxc3 g5 $5 (26... b5 27. Rg2 Rfh5 28. Kg1 Kf7 29. Re2
$13 {/\ Rd4,a4}) 27. Kg2 $1 g4 {/\ b5} 28. c4 $1 Rfh5 29. Kg1 b5 30. cxb5 axb5
31. Rg2 Kf7 32. Rxg4 Rxh2 33. Rg2 $10 Rh1+ 34. Kf2 {/\ Kf2-f3-e4} Kf6 35. e4 (
35. Kf3 Kf5 36. e4+ Kf6 37. Ke3 $10) 35... R5h4 36. Rf3 Ra1 (36... Rc1 37. Kg3
Rhh1 38. Re3 $10) 37. Ke3 Rhh1 38. Kd4 $1 Rac1 39. e5+ Kf7 40. Rfg3 $138 (40.
Ke4 $5 Rc4+ 41. Kf5 Rh5+ 42. Rg5 Rxg5+ 43. Kxg5 Rd4 $15) 40... Rc4+ 41. Ke3
dxe5 (41... Re1+ 42. Kf2) 42. fxe5 (42. Rg7+ $2 Kf6 43. fxe5+ Kxe5 44. Rxe7+
Kd6 $1 $17) 42... Re1+ 43. Re2 Rxe2+ 44. Kxe2 Re4+ (44... Rc2+ 45. Kd3 Rxa2 46.
Kd4 $10) 45. Kd3 (45. Re3 $2 Rxe3+ 46. Kxe3 b4 $1 $19 47. Kf4 Kg6 48. Ke4 h6 $1
49. Kf4 (49. d6 exd6 50. exd6 Kf7 51. Kd5 Ke8 $1 $19) 49... h5 $19) 45... Rxe5
46. Kd4 $10 Rf5 47. Rb3 b4 48. Ke4 (48. Rxb4 $2 Rf4+ 49. Kc5 Rxb4 50. Kxb4 h5
51. a4 Ke8 $1 52. Kc5 Kd7 53. Kb6 Kc8 $19) 48... Rh5 49. a3 bxa3 50. Rxa3 Rg5
51. Rd3 Rg6 52. Rh3 h6 53. Kf4 1/2-1/2

[Event "St Petersburg op"]
[Site "St Petersburg"]
[Date "1993.??.??"]
[Round "9"]
[White "Shipov, Sergei"]
[Black "Svidler, Peter"]
[Result "1/2-1/2"]
[WhiteElo "2500"]
[BlackElo "2495"]
[Annotator "Svidler,P"]
[PlyCount "31"]
[EventDate "1993.10.??"]
[EventType "swiss"]
[EventRounds "9"]
[EventCountry "RUS"]
[SourceTitle "CBM 037"]
[Source "ChessBase"]
[SourceDate "1993.12.01"]
[SourceVersion "1"]
[SourceVersionDate "1993.12.01"]
[SourceQuality "1"]

1. d4 {Shipov} Nf6 2. c4 g6 3. Nc3 d5 4. cxd5 Nxd5 5. Bd2 Nb6 $5 6. Bg5 (6. Nf3
Bg7 7. Bg5 O-O (7... c5 $1 {Shipov} 8. dxc5 Bxc3+ $5 9. bxc3 Qxd1+ 10. Rxd1 Na4
$10) 8. e3 {- 6.Bg5}) (6. e3 {Shipov} Bg7 7. Nf3 O-O 8. Be2 Nc6 $1 9. O-O e5
$10) 6... Bg7 7. e3 O-O (7... c5 {Shipov} 8. dxc5 Bxc3+ 9. bxc3 Qxd1+ 10. Rxd1
N6d7 (10... Na4 $2 11. Bb5+ Bd7 12. Rxd7 $18) 11. Bb5 $14) 8. Nf3 (8. Rc1 $5 c5
(8... N8d7 9. Nf3 Nf6 (9... c5 $2 10. dxc5 $1 Nxc5 11. Qxd8 Rxd8 12. Bxe7 Nd3+
13. Bxd3 Rxd3 14. Ke2 $16) 10. Be2 $14) 9. dxc5 N6d7 10. Nd5 (10. Nf3 {Shipov})
10... Nc6 11. b4 $5 (11. Qd2 h6 12. Bh4 g5 13. Bg3 Nf6 $44) 11... h6 12. Bh4 g5
13. Bg3 Nf6 (13... e6 $5 14. Nc7 Nxb4) 14. Nc7 (14. Nxf6+ Bxf6 $44) 14... Rb8
15. Nb5 Ra8 $13) 8... c5 $1 9. dxc5 (9. Be2 Nc6 10. dxc5 Nd7 11. Nd4 Qa5 $13)
9... N6d7 10. Rc1 (10. Be2 Nc6 {- 9.Be2}) 10... Nc6 (10... Nxc5 11. Nd5 $1 $16)
(10... h6 11. Bh4 Nc6 (11... g5 {Shipov} 12. Bg3 Nxc5 $2 13. Nd5 $1 Ne4 $2 (
13... Ne6) (13... Nba6) 14. Rxc8 $1 $18) 12. Nd4 {- 10...Nc6}) 11. Nd4 (11. Bb5
$1 {Shipov} h6 12. Bh4 g5 13. Bg3 Nxc5 14. O-O $14) 11... h6 12. Bh4 g5 (12...
Qa5 13. Nxc6 bxc6 14. Bxe7 Re8 15. Bd6 $16) 13. Bg3 (13. Nf5 $5 Nxc5 $1 (13...
gxh4 14. Qg4 $18) (13... Bf6 14. Nxh6+ Kh7 15. Qh5 gxh4 16. Bd3+ Kg7 17. Nf5+
Kg8 18. Nxe7+ $18) 14. Nxg7 Kxg7 $1 (14... gxh4 15. Nh5 $14) 15. Bg3 Bf5 16.
Be2 Qa5 $36 {>< d3}) 13... Nxc5 14. Nxc6 bxc6 (14... Qxd1+ $2 {Shipov} 15. Nxd1
$1 $18) 15. Qc2 $1 (15. Be2 Bf5 16. O-O Nd3 (16... Qa5 {/\ Rad8} 17. Nd5 $1 (
17. Bc4 Rad8 18. Qf3 Bd3 $13) 17... cxd5 18. Qxd5 Be6 (18... Be4 $2 19. Rxc5
Qb6 20. Qc4 $16) 19. Qxc5 (19. Rxc5 Qb6 20. Qc6 $10) 19... Qxc5 20. Rxc5 Bxb2
$10) 17. Bxd3 Bxd3 18. Re1 $13) (15. Qxd8 {Shipov} Rxd8 16. Be2 Bf5 17. O-O Nd3
18. Bxd3 Bxd3 19. Rfd1 c5 $15) 15... Qa5 16. Be2 (16. h4 Na4 17. Be2 $1 {
- 16.Be2 Na4 17.h4} (17. hxg5 Bf5 18. e4 Rfb8 $1 $40 (18... Rab8 $6 19. gxh6 $1
{/\ hg7-gf8} (19. gxh6 {Shipov} Bf6 (19... Rxb2 20. hxg7 $1) 20. h7+ Kh8 21.
Kd1 $3 $13)))) (16. Be2 Na4 17. h4 g4 (17... Bf5 18. e4 Be6 19. hxg5 Nxc3 (
19... hxg5 $2 20. e5 $1 Rfd8 21. Qxa4 $18) 20. bxc3 hxg5 21. Rh5 $36) 18. O-O
Nxc3 19. bxc3 Be6 20. c4 $14 {/\ Qe4,Bd3}) 1/2-1/2

[Event "Groningen op"]
[Site "Groningen"]
[Date "1993.??.??"]
[Round "3"]
[White "Repkova, Eva"]
[Black "Svidler, Peter"]
[Result "0-1"]
[WhiteElo "2320"]
[BlackElo "2495"]
[PlyCount "72"]
[EventDate "1993.12.??"]
[EventType "swiss"]
[EventRounds "11"]
[EventCountry "NED"]
[SourceTitle "CBM 038 Extra"]
[Source "ChessBase"]
[SourceDate "1994.03.01"]
[SourceVersion "1"]
[SourceVersionDate "1994.03.01"]
[SourceQuality "1"]

1. e4 c5 2. Nf3 Nc6 3. d4 cxd4 4. Nxd4 Qb6 5. Nb3 Nf6 6. Nc3 e6 7. Be3 Qc7 8.
Bd3 a6 9. O-O d6 10. f4 Be7 11. Qf3 O-O 12. Rae1 Rb8 13. Qg3 Nd7 14. Qh3 Nb4
15. a3 Nxd3 16. cxd3 Qd8 17. Rf3 Kh8 18. g4 Re8 19. Nd4 Bf6 20. Ref1 Kg8 21.
Nde2 g6 22. e5 Bg7 23. exd6 b5 24. Ne4 f5 25. gxf5 exf5 26. N4c3 Bb7 27. b4 Rc8
28. Rc1 Qf6 29. Bd4 Qxd6 30. Bxg7 Bxf3 31. Qxf3 Kxg7 32. Rd1 Rxc3 33. Nxc3 Qd4+
34. Kh1 Qxc3 35. Qb7 Qd4 36. Qxa6 Qd5+ 0-1

[Event "Groningen op"]
[Site "Groningen"]
[Date "1993.??.??"]
[Round "4"]
[White "Svidler, Peter"]
[Black "Lamoureux, Charles"]
[Result "0-1"]
[WhiteElo "2495"]
[BlackElo "2380"]
[PlyCount "40"]
[EventDate "1993.12.??"]
[EventType "swiss"]
[EventRounds "11"]
[EventCountry "NED"]
[SourceTitle "CBM 038 Extra"]
[Source "ChessBase"]
[SourceDate "1994.03.01"]
[SourceVersion "1"]
[SourceVersionDate "1994.03.01"]
[SourceQuality "1"]

1. e4 e6 2. d4 d5 3. Nd2 c5 4. exd5 Qxd5 5. dxc5 Bxc5 6. Ngf3 Nf6 7. Bd3 O-O 8.
Qe2 Nbd7 9. b3 Bb4 10. Bb2 Qc5 11. c4 Ba3 12. Bd4 Qc7 13. O-O b6 14. Ne4 Bb7
15. Nfg5 Nxe4 16. Bxe4 h6 17. Qh5 e5 18. Bc3 Nf6 19. Qe2 hxg5 20. Bxe5 Qe7 0-1